Encuesta de índices de producción de la industria de la construcción, 2006 (Registro nro. 20930)
[ vista simple ]
| 000 -CABECERA | |
|---|---|
| Longitud fija campo de control | 01461nam a2200361 c 4500 |
| 001 - NÚMERO DE CONTROL | |
| Número de control | 20930 |
| 003 - IDENTIFICADOR DE NÚMERO DE CONTROL | |
| Identificador del número de control | ES-MaCES |
| 005 - FECHA Y HORA DE LA ÚLTIMA TRANSACCIÓN | |
| Fecha y hora de la última transacción | 20141221122710.0 |
| 008 - CAMPO FIJO DE DESCRIPCIÓN FIJA--INFORMACIÓN GENERAL | |
| Códigos de información de longitud fija | 080311s2008 sp d s o000 | spa d |
| 017 ## - NÚMERO DE REGISTRO DE DERECHOS DE AUTOR Y DEPÓSITO LEGAL | |
| Número de copyright o de depósito legal | M 1550-2008 |
| Agencia que asigna el número | DL |
| 024 7# - OTROS IDENTIFICADORES | |
| Número normalizado o código | 161-07-149-6 |
| Fuente del número o código | nipo |
| 035 ## - NÚMERO DE CONTROL DEL SISTEMA | |
| Número de control del sistema | CES20080001832m |
| 040 ## - FUENTE DE CATALOGACIÓN | |
| Centro catalogador de origen | ES-MaCES |
| Lengua de catalogación | spa |
| Centro transcriptor | ES-MaCES |
| 245 00 - MENCIÓN DE TÍTULO | |
| Título | Encuesta de índices de producción de la industria de la construcción, 2006 |
| Mención de responsabilidad, etc. | Ministerio de Fomento, Dirección General de Programación Económica |
| 260 ## - PUBLICACIÓN, DISTRIBUCIÓN, ETC (PIE DE IMPRENTA) | |
| Lugar de publicación, distribución, etc. | [Madrid] |
| Nombre del editor, distribuidor, etc. | Centro de Publicaciones, Ministerio de Fomento |
| Fecha de publicación, distribución, etc. | 2008 |
| 300 ## - DESCRIPCIÓN FÍSICA | |
| Extensión | [3], 28, [8] p. |
| Otras características físicas | gráf. col. |
| Dimensiones | 30 cm |
| 490 1# - MENCIÓN DE SERIE | |
| Mención de serie | Serie Estadísticas |
| 500 ## - NOTA GENERAL | |
| Nota general | Esta encuesta sustituye a la publ. "Encuesta coyuntural de la industria de la construcción" |
| 541 ## - NOTA DE LA FUENTE INMEDIANTE DE ADQUISICIÓN | |
| Forma de adquisición | Gratuito |
| 650 #4 - ASIENTO SECUNDARIO DE MATERIA--TÉRMINO DE MATERIA | |
| Término de materia o nombre geográfico como elemento inicial | industria de la construcción |
| 9 (RLIN) | 27730 |
| 650 #4 - ASIENTO SECUNDARIO DE MATERIA--TÉRMINO DE MATERIA | |
| Término de materia o nombre geográfico como elemento inicial | producción |
| 9 (RLIN) | 28240 |
| 650 #4 - ASIENTO SECUNDARIO DE MATERIA--TÉRMINO DE MATERIA | |
| Término de materia o nombre geográfico como elemento inicial | España |
| 9 (RLIN) | 26964 |
| 650 #4 - ASIENTO SECUNDARIO DE MATERIA--TÉRMINO DE MATERIA | |
| Término de materia o nombre geográfico como elemento inicial | 2006 |
| 9 (RLIN) | 31838 |
| 650 #4 - ASIENTO SECUNDARIO DE MATERIA--TÉRMINO DE MATERIA | |
| Término de materia o nombre geográfico como elemento inicial | datos estadísticos |
| 9 (RLIN) | 30765 |
| 653 10 - TÉRMINO DE INDEXACIÓN--NO CONTROLADO | |
| Término no controlado | Estadísticas sectoriales |
| 710 1# - ENCABEZAMIENTO SECUNDARIO--NOMBRE CORPORATIVO | |
| Nombre de entidad o nombre de jurisdicción como elemento inicial | España |
| Unidad subordinada | Ministerio de Fomento |
| 9 (RLIN) | 3244 |
| 787 0# - ENTRADA DE OTRAS ESPECIFICACIONES | |
| Título | Encuesta de índices de producción de la industria de la construcción, 2007 |
| Número de control del registro relacionado | (ES-MaCES)22021 |
| 787 0# - ENTRADA DE OTRAS ESPECIFICACIONES | |
| Título | Encuesta coyuntural de la industria de la construcción 2002 |
| Número de control del registro relacionado | (ES-MaCES)16263 |
| 830 #0 - ENCABEZAMIENTO SECUNDARIO DE COLECCIÓN--TÍTULO UNIFORME | |
| Título uniforme | Serie Estadísticas (España. Ministerio de Fomento) |
| 9 (RLIN) | 32581 |
| 902 ## - CES. TIPO DE DOCUMENTO | |
| Tipodoc (006$c Sirtex) | LIB Libro |
| 942 ## - ELEMENTOS KOHA | |
| Fuente de clasificaión o esquema | Clasificación propia del CES |
| Koha [por defecto] tipo de item | Monografías |
| Parte de clasificación | 8.3. |
| Número de registro | Signatura completa | Tipo de item de Koha |
|---|---|---|
| 070628 | DPT-7483 | Monografías |
